Pintura y escultura en Santo Domingo / (Registro nro. 13737)

Detalles MARC
000 -LIDER
fixed length control field 01001nam a2200265 a 4500
001 - NÚMERO DE CONTROL
Identificador de número de control
003 - IDENTIFICACDOR DE NÚMERO DE CONTROL
control field DO-SdBNP
005 - DATE AND TIME OF LATEST TRANSACTION
control field 20230713110634.0
008 - ELEMENTOS DE LONGITUD FIJA
fixed length control field 100721s1972 dr c r 001 0 spa d
040 ## - FUENTE DE CATALOGACIÓN
Agencia que crea de manera original el registro DO-SdBNP
Idioma de catalogación spa
Agencia que realiza la transcripción BPMSU
082 #4 - NÚMERO DE CLASIFICACIÓN DECIMAL DE DEWEY
Classification number 759.97293
Item number R696p 1972
Edition number 22
100 1# - ASIENTO PRINCIPAL -- NOMBRE PERSONAL
Nombre personal Rodríguez Demorizi, Emilio,
Fechas asociadas con el nombre 1908-1986
245 10 - MENCIÓN DE TITULO
Título Pintura y escultura en Santo Domingo /
Mención de responsabilidad Emilio Rodríguez Demorizi.
260 ## - PUBLICACIÓN, DISTRIBUCIÓN, ETC. (PIE DE IMPRENTA)
Lugar de publicación, distribución, etc Santo Domingo :
Nombre del editor, distribuidor, etc. Librería Hispaniola ;
-- Julio D. Postigo E Hijos Editores,
Fecha de publicación, distribución, etc 1972.
300 ## - DESCRIPCIÓN FÍSICA
Extensión 264 p. :
Otros detalles físicos retrs. ;
Dimensiones 20 cm.
490 0# - MENCIÓN DE SERIES
Mención de serie Pensamiento dominicano,
Volume/sequential designation 49
500 ## - NOTA GENERAL
Nota general Incluye índice de personas, lugares y materias.
504 ## - NOTA DE BIBLIOGRAFÍA, ETC.
Bibliography, etc Incluye referencias bibliográficas y notas al pie de las páginas.
590 ## - NOTA LOCAL
Enlace Inventariado, 2021/VM
650 #4 - ENCABEZAMIENTO DE MATERIA--TEMÁTICO
Término temático o nombre geográfico como elemento de entrada Escultura
Subdivisión temática general Historia
Subdivisión geográfica República Dominicana
650 #4 - ENCABEZAMIENTO DE MATERIA--TEMÁTICO
Término temático o nombre geográfico como elemento de entrada Escultura
Subdivisión temática general Historia y crítica
650 #4 - ENCABEZAMIENTO DE MATERIA--TEMÁTICO
Término temático o nombre geográfico como elemento de entrada Pintura
Subdivisión temática general Historia y crítica
910 ## - VALIDACIÓN
Validación VMateo V. Control de calidad (BPMSU)
942 ## - ADDED ENTRY ELEMENTS (KOHA)
Source of classification or shelving scheme Dewey Decimal Classification
Koha item type Libros
Existencias
Withdrawn status Lost status Source of classification or shelving scheme Damaged status Not for loan Collection code Home library Current library Date acquired Source of acquisition Total Checkouts Full call number Barcode Date last seen Price effective from Koha item type Copy number
    Dewey Decimal Classification     Colección Dominicana Biblioteca Pública Metropolitana Salomé Ureña Biblioteca Pública Metropolitana Salomé Ureña 09/23/2021   BPMSU CD 759.97293 R696p 1972 BPMSU21090083 09/23/2021 09/23/2021 Libros  
    Dewey Decimal Classification     Colección Dominicana Biblioteca Pública Metropolitana Salomé Ureña Biblioteca Pública Metropolitana Salomé Ureña 09/23/2021   BPMSU CD 759.97293 R696p 1972 BPMSU23070030 07/13/2023 09/23/2021 Libros e.2